Suomen kunnat, joiden nimessä on J - Statistics

Yleistilastot
  • Tätä visaa on pelattu 174 kertaa
  • Keskiarvotulos 40 / 57
Vastaustilastot
Maakunta Kunta % Oikein
Keski-Suomi Jyväskylä
99%
Pohjois-Karjala Joensuu
96%
Keski-Suomi Jämsä
88%
Etelä-Pohjanmaa Seinäjoki
88%
Kanta-Häme Jokioinen
85%
Pirkanmaa Juupajoki
85%
Pohjois-Savo Joroinen
83%
Pohjois-Pohjanmaa Kalajoki
83%
Etelä-Pohjanmaa Alajärvi
82%
Kanta-Häme Janakkala
82%
Uusimaa Järvenpää
82%
Etelä-Savo Juva
82%
Kainuu Kajaani
82%
Lappi Kemijärvi
82%
Satakunta Jämijärvi
79%
Pohjois-Karjala Juuka
79%
Pohjois-Savo Siilinjärvi
79%
Ahvenanmaa Jomala
78%
Pohjois-Pohjanmaa Pyhäjärvi
78%
Pohjois-Pohjanmaa Haapajärvi
75%
Etelä-Pohjanmaa Kauhajoki
75%
Uusimaa Lohja
75%
Keski-Suomi Joutsa
74%
Pohjois-Pohjanmaa Pyhäjoki
74%
Lappi Utsjoki
74%
Satakunta Eurajoki
72%
Satakunta Harjavalta
72%
Etelä-Pohjanmaa Isojoki
69%
Keski-Suomi Kivijärvi
69%
Pirkanmaa Ylöjärvi
69%
Keski-Suomi Kyyjärvi
68%
Etelä-Pohjanmaa Lappajärvi
67%
Uusimaa Nurmijärvi
67%
Etelä-Pohjanmaa Ilmajoki
65%
Etelä-Pohjanmaa Karijoki
65%
Pohjois-Pohjanmaa Pudasjärvi
65%
Pohjois-Savo Suonenjoki
65%
Etelä-Pohjanmaa Evijärvi
64%
Uusimaa Lapinjärvi
64%
Keski-Suomi Saarijärvi
64%
Pohjois-Savo Sonkajärvi
64%
Kainuu Ristijärvi
63%
Pohjois-Pohjanmaa Utajärvi
61%
Keski-Pohjanmaa Lestijärvi
60%
Pohjois-Pohjanmaa Merijärvi
60%
Pohjois-Karjala Tohmajärvi
60%
Kanta-Häme Ypäjä
60%
Etelä-Karjala Rautjärvi
58%
Pohjois-Pohjanmaa Reisjärvi
58%
Pohjois-Pohjanmaa Siikajoki
58%
Pirkanmaa Urjala
58%
Kanta-Häme Hausjärvi
57%
Pohjois-Karjala Polvijärvi
57%
Päijät-Häme Padasjoki
56%
Etelä-Savo Mäntyharju
54%
Keski-Suomi Petäjävesi
54%
Pohjois-Pohjanmaa Lumijoki
53%
Ehtoja vastaavia visoja ei löytynyt
Tulosjakauma
Jokaisen tuloksen saaneiden osuus
Persentiili vastausten määrän mukaan
Tuloshistoriasi
Et ole pelannut tätä visaa